| 000 -CABECERA |
| Longitud fija campo de control |
00711nam a2200181 a 4500 |
| 001 - NÚMERO DE CONTROL |
| Número de control |
1634 |
| 003 - IDENTIFICADOR DEL NÚMERO DE CONTROL |
| Identificador del número de control |
CDMR |
| 005 - FECHA Y HORA DE LA ÚLTIMA TRANSACCIÓN |
| Fecha y hora de la última transacción |
20240404192358.0 |
| 008 - CÓDIGOS DE INFORMACIÓN DE LONGITUD FIJA |
| Códigos de información de longitud fija |
130130s2004||||||||||||||||||||||||||||d |
| 040 ## - FUENTE DE LA CATALOGACIÓN |
| Centro catalogador de origen |
CDMR |
| Lengua de catalogación |
cat |
| Centro transcriptor |
CDMR |
| 111 2# - PUNTO DE ACCESO PRINCIPAL-NOMBRE DE CONGRESO |
| Nombre de congreso o jurisdicción como elemento de entrada |
Forum Barcelona |
| Sede del congreso |
(Barcelona |
| Fecha del congreso |
: 2004 : |
| Número del congreso o número de parte o sección de la obra |
1er) |
| 9 (RLIN) |
1234 |
| 245 10 - MENCIÓN DE TÍTULO |
| Título |
Informació |
| Resto del título |
: poder i ètica en el segle XXI |
| 260 ## - PUBLICACIÓN, DISTRIBUCIÓN, ETC. (PIE DE IMPRENTA) |
| Lugar de publicación, distribución, etc. |
Barcelona |
| Nombre del editor, distribuidor, etc. |
: Col.legi de Periodistes de Catalunya, |
| Fecha de publicación, distribución, etc. |
2004 |
| 500 ## - NOTA GENERAL |
| Nota general |
Recopilació dels Diàlegs sobre Comunicació, organitzats amb motiu del Fòrum 2004, durant la primavera de 2004 a Barcelona |
| 650 04 - PUNTO DE ACCESO ADICIONAL DE MATERIA - TÉRMINO DE MATERIA |
| 9 (RLIN) |
980 |
| Término de materia o nombre geográfico como elemento inicial |
Comunicació |
| Subdivisión de materia general |
Aspectes ètics i morals |
| Subdivisión de forma |
Congressos |
| 650 04 - PUNTO DE ACCESO ADICIONAL DE MATERIA - TÉRMINO DE MATERIA |
| 9 (RLIN) |
2305 |
| Término de materia o nombre geográfico como elemento inicial |
Comunicació |
| Subdivisión de materia general |
Aspectes polítics |
| Subdivisión de forma |
Congressos |
| 942 ## - ENTRADA DE ELEMENTOS AGREGADOS (KOHA) |
| Koha [por defecto] tipo de item |
Ponències / Comunicacions |
| Fuente de clasificaión o esquema |
|